000 00374nam a2200145Ia 4500
008 240729s9999 xx 000 0 und d
022 _a2641-4716
245 0 _aPatient Safety
260 _aUnited States
260 _bPatient Safety Authority
650 _aMedicine
856 _uhttps://doaj.org/toc/37c63f016a98416cb91683030a52e4d0
942 _2ddc
942 _cDOAJEJ
999 _c72434
_d72434
945 _a1
_bMadushi Gamage
_c1
_dMadushi Gamage